Catálogo
 En Linea

El enigma de Joaquín Balaguer. / (Registro nro. 35623)

Detalles MARC
000 -CABECERA
campo de control de longitud fija 00813nam a2200241 a 4500
001 - NÚMERO DE CONTROL
campo de control 000036132
003 - IDENTIFICADOR DEL NÚMERO DE CONTROL
campo de control DO-SdBNP
005 - FECHA Y HORA DE LA ÚLTIMA TRANSACCIÓN
campo de control 20240228142033.0
008 - DATOS DE LONGITUD FIJA--INFORMACIÓN GENERAL
campo de control de longitud fija 111214s 2011 dr a 000 0 spa d
020 ## - NÚMERO INTERNACIONAL ESTÁNDAR DEL LIBRO
Número Internacional Estándar del Libro 9789945164602
040 ## - FUENTE DE LA CATALOGACIÓN
Centro catalogador/agencia de origen DO-SdBNP
Lengua de catalogación spa
Centro/agencia transcriptor BNPHU
082 #4 - NÚMERO DE LA CLASIFICACIÓN DECIMAL DEWEY
Número de clasificación BNPHU
Número de documento/Ítem B828e
100 1# - ENTRADA PRINCIPAL--NOMBRE DE PERSONA
Nombre de persona Brea Tió, Héctor,
Fechas asociadas al nombre 1953-
9 (RLIN) 38649
245 13 - MENCIÓN DE TÍTULO
Título El enigma de Joaquín Balaguer. /
Mención de responsabilidad, etc. Héctor Brea Tió ; prólogo Manuel Mora Serrano.
260 ## - PUBLICACIÓN, DISTRIBUCIÓN, ETC.
Lugar de publicación, distribución, etc. Santo Domingo :
Nombre del editor, distribuidor, etc. Búho,
Fecha de publicación, distribución, etc. 2011.
300 ## - DESCRIPCIÓN FÍSICA
Extensión 339 p. :
Otras características físicas ils. ;
Dimensiones 24 cm.
500 ## - NOTA GENERAL
Nota general Incluye datos biográficos del autor en las solapas
504 ## - NOTA DE BIBLIOGRAFÍA, ETC.
Nota de bibliografía, etc. Incluyendo referencias bibliográficas y notas al pie de las páginas
590 ## - NOTA LOCAL (RLIN)
Nota local Inventariado, 2021/BT
700 1# - PUNTO DE ACCESO ADICIONAL--NOMBRE DE PERSONA
Nombre de persona Mora Serrano, Manuel,
Títulos y otros términos asociados al nombre 1933-
Término indicativo de función/relación pról.
9 (RLIN) 5162
910 ## - DATOS DE OPCIÓN DEL USUARIO (OCLC)
Datos de opción del usuario Btavárez
942 ## - ELEMENTOS DE PUNTO DE ACCESO ADICIONAL (KOHA)
Fuente del sistema de clasificación o colocación Dewey Decimal Classification
Tipo de ítem Koha Libro
Existencias
Estado de retiro Estado de pérdida Fuente del sistema de clasificación o colocación No para préstamo Código de colección Localización permanente Ubicación/localización actual Ubicación en estantería Fecha de adquisición Número de inventario Total de préstamos Signatura topográfica completa Código de barras Fecha visto por última vez Precio válido a partir de Número de copia Tipo de ítem Koha Fuente de adquisición
    Dewey Decimal Classification Préstamo en sala Monografías: Libros y Folletos Biblioteca Nacional Pedro Henríquez Ureña Dominicana En catalogación 14.12.2011 LF1   BNPHU DS B828e 36132-30 25.06.2020 25.06.2020 e. 3 No se presta  
    Dewey Decimal Classification Préstamo en sala Monografías: Libros y Folletos Biblioteca Nacional Pedro Henríquez Ureña Dominicana En catalogación 10.09.2021     BNPHU DS B828e 2021-26338 10.09.2021 10.09.2021 e.4 Libro Compra
    Dewey Decimal Classification Préstamo en sala Monografías: Libros y Folletos Biblioteca Nacional Pedro Henríquez Ureña Dominicana En catalogación 10.09.2021     BNPHU DS B828e 2021-26339 10.09.2021 10.09.2021 e.5 Libro Compra
    Dewey Decimal Classification Excluido de préstamo Monografías: Libros y Folletos Biblioteca Nacional Pedro Henríquez Ureña Patrimonio Dominicano Depósito 14.12.2011 LF1   BNPHU PD B828e 36132-10 25.06.2020 25.06.2020      
    Dewey Decimal Classification Excluido de préstamo Monografías: Libros y Folletos Biblioteca Nacional Pedro Henríquez Ureña Patrimonio Dominicano Depósito 14.12.2011 LF1   BNPHU PD B828e 36132-20 25.06.2020 25.06.2020 e. 2 No se presta  

Con tecnología Koha